000 00243nam a2200109Ia 4500
008 190914s9999||||xx |||||||||||||| ||und||
100 _aBovee Thill
245 0 _aManagement
260 _aNew Delhi
_bAddison
_c2005
300 _a436
942 _cBK
999 _c9332
_d9332